000 00712cam a22002533a 4500
001 13725
003 PGUSA
005 20140828083308.0
008 041012s2004||||xxu|||||s|||||000 p eng d
040 _aPGUSA
_beng
042 _adc
050 4 _aPA
100 1 _aHomer,
_d-750--650
245 1 0 _aStories from the Odyssey
_h[electronic resource] /
_cHomer
260 _bProject Gutenberg,
_c2004
506 _aPublic domain in the USA.
516 _aElectronic text
653 _aEpic poetry, Greek -- Adaptations
653 _aOdysseus (Greek mythology) -- Fiction
653 _aTales -- Greece
830 0 _aProject Gutenberg
_v13725
856 4 0 _uhttp://www.gutenberg.org/ebooks/13725
942 _cEB
999 _c242980
_d242980